[Event "Guernsey Holiday op"]
[Site "Grand Harve Bay"]
[Date "2006.10.16"]
[Round "2"]
[White "O'Connor, Jonathan"]
[Black "Cox, Reginald E"]
[Result "1-0"]
[WhiteElo "1605"]
[BlackElo "1088"]
[PlyCount "115"]
[EventDate "2006.10.15"]
[EventType "swiss"]
[EventRounds "7"]
[EventCountry "GCI"]
[SourceTitle "EXT 2008"]
[Source "ChessBase"]
[SourceDate "2007.11.25"]
[SourceVersion "1"]
[SourceVersionDate "2007.11.25"]
[SourceQuality "1"]

1. e4 d6 2. d4 Nf6 3. Nc3 e5 4. dxe5 dxe5 5. Qxd8+ Kxd8 6. Bc4 Ke8 7. Nf3 h6 8. Nxe5 Be6 9. Bxe6 fxe6 10. Ng6 Rg8 11. e5 Nfd7 12. Nb5 Na6 13. 0-0 Kf7 14. Nxf8 Rgxf8 15. f4 Rfd8 16. c3 Ndc5 17. Be3 Rdc8 18. Bxc5 Nxc5 19. Rad1 a6 20. Nd4 Na4 21. Rd2 c5 22. Nf3 Rd8 23. Rfd1 Ke7 24. c4 Rxd2 25. Rxd2 Rd8 26. b3 Rxd2 27. Nxd2 Nc3 28. a3 Ne2+ 29. Kf2 Nxf4 30. Kf3 g5 31. g3 Nd3 32. Ke4 Nf2+ 33. Kf3 Nd3 34. Kg4 Nxe5+ 35. Kh5 Nf7 36. Kg6 e5 37. Ne4 b6 38. Nf6 Ke6 39. Nd5 b5 40. Nc7+ Ke7 41. Nxa6 bxc4 42. bxc4 e4 43. Nxc5 e3 44. Nd3 e2 45. Kf5 Nd6+ 46. Kg4 Nxc4 47. Kf3 Nxa3 48. Kxe2 Kf6 49. Kf3 Nc4 50. Kg4 h5+ 51. Kxh5 Ne3 52. Nf2 Kf5 53. g4+ Nxg4 54. Nxg4 Kf4 55. Nf2 Kf3 56. Kxg5 Kxf2 57. h4 Kg3 58. h5 1-0

[Event "Civil Service Minor op"]
[Site "London"]
[Date "2005.11.06"]
[Round "4"]
[White "Jain, Radha"]
[Black "Cox, Reginald E"]
[Result "1-0"]
[WhiteElo "912"]
[BlackElo "1120"]
[PlyCount "64"]
[EventDate "2005.11.05"]
[EventType "swiss"]
[EventRounds "5"]
[EventCountry "ENG"]
[SourceTitle "EXT 2007"]
[Source "ChessBase"]
[SourceDate "2006.11.23"]
[SourceVersion "1"]
[SourceVersionDate "2006.11.23"]
[SourceQuality "1"]

1. d4 d5 2. Nf3 Nf6 3. h3 c6 4. Bf4 Nbd7 5. e3 e6 6. Bd3 Be7 7. 0-0 0-0 8. Nbd2 h6 9. e4 Nh5 10. Bh2 Bg5 11. e5 Bf4 12. Ne1 Bxh2+ 13. Kxh2 Qg5 14. Nef3 Qe7 15. c4 f5 16. Re1 g5 17. Kg1 Nf4 18. Bc2 Qf7 19. Nh2 a6 20. Bb3 b5 21. cxd5 cxd5 22. Rc1 Nd3 23. Rc7 Nxe1 24. Qxe1 Qe8 25. Qc1 Nb6 26. Qc5 Nd7 27. Qc6 Rb8 28. Bc2 Rb6 29. Qc3 Qd8 30. Nb3 Rb7 31. Rxb7 Bxb7 32. Na5 Qc8 1-0

[Event "Guernsey Holiday op"]
[Site "Cobo Bay"]
[Date "2005.10.20"]
[Round "5"]
[White "Cox, Reginald E"]
[Black "O'Connor, Jonathan"]
[Result "0-1"]
[WhiteElo "1120"]
[BlackElo "1605"]
[PlyCount "84"]
[EventDate "2005.10.16"]
[EventType "swiss"]
[EventRounds "7"]
[EventCountry "GCI"]
[SourceTitle "EXT 2007"]
[Source "ChessBase"]
[SourceDate "2006.11.23"]
[SourceVersion "1"]
[SourceVersionDate "2006.11.23"]
[SourceQuality "1"]

1. Nf3 c5 2. c4 g6 3. e3 Bg7 4. d4 cxd4 5. exd4 Nf6 6. Nc3 0-0 7. Be2 d6 8. 0-0 b6 9. Be3 Nbd7 10. Qd2 Bb7 11. Bh6 Rc8 12. Bxg7 Kxg7 13. b3 Qc7 14. Nb5 Qb8 15. Rfe1 d5 16. Qe3 dxc4 17. bxc4 a6 18. Nc3 Bxf3 19. Qxf3 h5 20. h3 e5 21. Ne4 exd4 22. Nxf6 Nxf6 23. Bd3 Rfe8 24. a4 Rxe1+ 25. Rxe1 Re8 26. Rxe8 Qxe8 27. Qe2 Qxe2 28. Bxe2 Ne4 29. Bd1 Nc3 30. Bb3 d3 31. Kf1 Kf6 32. Ke1 Ke5 33. Kd2 Kd4 34. f3 a5 35. g3 f6 36. h4 Nb1+ 37. Kc1 Na3 38. Kd2 Nxc4+ 39. Bxc4 Kxc4 40. g4 Kd4 41. gxh5 gxh5 42. f4 f5 0-1